Κατάλογος Βιβλιοθηκών Mediterranean College

Strategies for Addressing Behavior Problems in the Classroom / Sixth Edition (Record no. 5985)

MARC details
000 -LEADER
fixed length control field 01202cam a22002054a 4500
005 - ΗΜΕΡΟΜΗΝΙΑ ΚΑΙ ΩΡΑ ΤΕΛΕΥΤΑΙΑΣ ΕΝΗΜΕΡΩΣΗΣ
Πεδίο ελέγχου 20250605164227.0
008 - FIXED-LENGTH DATA ELEMENTS--GENERAL INFORMATION
Πεδίο ελέγχου σταθερού μήκους 250528s ||||||||||||||||||||||||d
035 ## - SYSTEM CONTROL NUMBER
System control number 20908
020 ## - ISBN
ISBN 9780136045243
040 ## - ΠΗΓΗ ΚΑΤΑΛΟΓΟΓΡΑΦΗΣΗΣ
Φορέας πρωτότυπης καταλογογράφησης MC Athens Campus Library
Γλώσσα καταλογογράφησης Ελληνικά, Μοντέρνα (1453-)
Modifying agency MC Athens Campus Library
Κανόνες περιγραφικής καταλογογράφησης AACR2
245 1# - ΤΙΤΛΟΣ ΚΑΙ ΔΗΛΩΣΗ ΥΠΕΥΘΥΝΟΤΗΤΑΣ
Τίτλος Strategies for Addressing Behavior Problems in the Classroom / Sixth Edition
250 ## - EDITION STATEMENT
Edition statement 6th
260 ## - PUBLICATION, DISTRIBUTION, ETC.
Name of publisher, distributor, etc. Pearson,
Date of publication, distribution, etc. 2010
300 ## - PHYSICAL DESCRIPTION
Extent 430
520 ## - SUMMARY, ETC.
Summary, etc. Foundations of Effective Behavior Management, Identifying and Serving Students with Behavior Problems, School-Wide Positive Behavior Support, Assessment and Intervention and Evaluation, Principles of Intervension Planning, Assessment-Based Intervention Planning, Monitoring Student Progress, Evaluating Intervention Effects, Behavioral Interventions in the Classroom, Classroom-Wide Positive Behavior Support, Addressing Disruptive Behaviors, Developing Alternatives to Self-Stimulatory and Self Injurious Behavior, Beyond the Classroom, Supporting Students with Psychiatric and Substance Abuse Problems, Extending Intervention Effects, Epilogue, Glossary, Name and Subject Index.
700 1# - ΠΡΟΣΘΕΤΗ ΑΝΑΓΡΑΦΗ--ΦΥΣΙΚΟ ΠΡΟΣΩΠΟ
Personal name Kerr Mary Margaret
9 (RLIN) 6895
942 ## - ADDED ENTRY ELEMENTS (KOHA)
Koha item type Books
Holdings
Τύπος τεκμηρίου Βιβλιοθήκη Τρέχουσα τοποθεσία Barcode Αριθμός εισαγωγής Ημερομηνία απόκτησης Ταξιθετικό σύμβολο Αριθμός αντιτύπου Κατάσταση απόσυρσης Κατάσταση χαμένου Κατάσταση κατεστραμμένου Μη δανεισμός Σύνολο δανεισμών Ημερομηνία τελευταίας εμφάνισης Η τιμή ισχύει από
Books MC Athens Campus Library MC Athens Campus Library 9780000059840 6606 05/06/2025 371.93 KER 1           05/06/2025 05/06/2025

MC Athens Campus Library
Πατησίων 94 & Κοδριγκτώνος 13, 104 34
Πελλήνης 8 & Πατησίων 107, 112 51
Τ: +30 210 8899600

MC Thessaloniki Campus Library
Ίωνος Δραγούμη 21, 54625 | Ίωνος Δραγούμη 15, 54625
Τ: +30 2310 287779 – Τ: +30 2314 440300